Fission and Properties of Neutron-Rich Nuclei: Sanibel Island, Florida,USA, November 3-9 2002

Guardat en:
Dades bibliogràfiques
Format: Sách
Idioma:Undetermined
Publicat:  World Scientific  2002
Matèries:
Etiquetes: Afegir etiqueta
Sense etiquetes, Sigues el primer a etiquetar aquest registre!
Thư viện lưu trữ: Trung tâm Thư viện - Trường Đại học Công nghiệp TP. Hồ Chí Minh
LEADER 00511nam a2200133Ia 4500
001 UIH_07715
008 231011s9999 xx 000 0 und d
082 |a  539.762 
245 0 |a  Fission and Properties of Neutron-Rich Nuclei: Sanibel Island, Florida,USA, November 3-9 2002 
260 |b  World Scientific 
260 |c  2002 
650 |a  Nguyên tử phân thể; Vật lý hạt nhân;  
927 |a Sách 
980 |a Trung tâm Thư viện - Trường Đại học Công nghiệp TP. Hồ Chí Minh